Score 0/156 Timer 10:00
0 Plays Today
% Correct
a
100%
And
100%
the
100%
the
100%
a
100%
the
100%
and
100%
the
100%
a
100%
the
100%
the
100%
the
100%
and
100%
The
100%
I
95.5%
I
95.5%
I
95.5%
Ya
81.8%
you
81.8%
to
81.8%
to
81.8%
to
81.8%
you
81.8%
to
81.8%
You
81.8%
to
81.8%
To
81.8%
to
81.8%
you.
81.8%
In
77.3%
an
77.3%
in,
77.3%
of
75.8%
is
75.8%
of
75.8%
on
75.8%
of
75.8%
is,
75.8%
that.
74.2%
that
74.2%
for
74.2%
for
74.2%
that
74.2%
for
74.2%
for
74.2%
your
68.2%
than
66.7%
know,
66.7%
know,
66.7%
It's
65.2%
it's
65.2%
It's
65.2%
% Correct
what
65.2%
I'm
65.2%
I'm
65.2%
go
63.6%
all
62.1%
my
62.1%
something
60.6%
something
60.6%
they
60.6%
something
60.6%
time.
60.6%
Uh, you're
59.1%
just
59.1%
have
59.1%
just
59.1%
just
59.1%
you're
59.1%
right.
56.1%
Wanna
56.1%
wanna
56.1%
like
56.1%
right?
56.1%
right?
56.1%
like
56.1%
this
56.1%
like
56.1%
crazy.
54.5%
hear
54.5%
or
53%
or
53%
or
53%
asking
53%
chance
51.5%
last
51.5%
last
51.5%
chance.
51.5%
about
50%
take
50%
people
47%
at
47%
people
47%
fly
45.5%
even
43.9%
around
43.9%
moon,
43.9%
truth
43.9%
fact,
42.4%
get
42.4%
Look,
42.4%
one
42.4%
look
42.4%
might
42.4%
% Correct
up
42.4%
Science
40.9%
Science
40.9%
into
40.9%
worse
39.4%
really
39.4%
heard
37.9%
big
37.9%
airplane.
36.4%
wasted
36.4%
build
34.8%
...Sorry.
34.8%
sorry
34.8%
Nuts.
33.3%
fiction?
31.8%
called
31.8%
fiction,
31.8%
most
31.8%
history
30.3%
history.
30.3%
rockets
28.8%
months
28.8%
talking
28.8%
guys
27.3%
couple
25.8%
birds...
25.8%
tiniest
25.8%
bit
25.8%
back
25.8%
picture.
25.8%
spent
25.8%
rooms
25.8%
sound
24.2%
mission
24.2%
Mars?
24.2%
being
24.2%
13
24.2%
vision.
22.7%
minute
22.7%
moment
22.7%
nutty?
21.2%
barrier,
21.2%
humanity -
21.2%
end
19.7%
coming
19.7%
breaking
16.7%
step
15.2%
energy,
13.6%
atomic
12.1%
impactful
10.6%
profoundly
9.1%
ridiculous,
7.6%
Remove Ads.
Support Sporcle.
Get the best of Sporcle when you Go Orange. This ad-free experience offers more features, more stats, and more fun while also helping to support Sporcle. Thank you for becoming a member.

You're not logged in!

Compare scores with friends on all Sporcle quizzes.
OR
Log In

Show Comments

Extras

Top Quizzes Today


Score Distribution

Your Account Isn't Verified!

In order to create a playlist on Sporcle, you need to verify the email address you used during registration. Go to your Sporcle Settings to finish the process.

Report this User

Report this user for behavior that violates our Community Guidelines.

Details: